• 首页
  • 本馆介绍
  • 公告通知
  • 最新文献
  • 馆藏检索
  • 电子资源
  • 读者导购
  • 参考咨询
  • 我的图书馆
  • 登录
  • 详细信息显示
  • 放入我的书架
  • 预约/预借图书
  • 作者相关作品
  • 分类相关作品
  • 丛书相关作品
  • 出版社相关作品

书目信息

  • 表格格式
  • 工作单格式
  • 卡片格式
题名:
水文水利计算
    
 
作者: 叶守泽 主编
分册:  
出版信息: 武汉   武汉大学出版社  2013.10
页数: 544页
开本: 24cm
丛书名: 武汉大学百年名典
单 册:
中图分类: P333 , TV214
科图分类:
主题词: 水文计算--高等学校--教材 , 水利计算--高等学校--教材 , 水文计算 , 水利计算
电子资源:
ISBN: 978-7-307-11831-7
000 01019oam2 2200313 450
001 006382179
005 20140611153353.10
010    @a978-7-307-11831-7@b精装@dCNY70.00
100    @a20140102d2013 em y0chiy0110 ea
101 0  @achi
102    @aCN@b420000
105    @aak z 000yy
106    @ar
200 1  @a水文水利计算@9shui wen shui li ji suan@f叶守泽主编
210    @a武汉@c武汉大学出版社@d2013.10
215    @a544页@c图@d24cm
225 2  @a武汉大学百年名典
330    @a本书论述了工程水文和水利计算的基本原理与方法。包括水循环、水文测验、水文统计、设计年径流与设计洪水、水文预报、水文模型、水质评价、水库兴利调节和防洪计算,以及水电站水能计算等内容。
333    @a水利工作者
461  0 @12001 @a武汉大学百年名典
606 0  @a水文计算@x高等学校@j教材
606 0  @a水利计算@x高等学校@j教材
606 0  @a水文计算
606 0  @a水利计算
690    @aP333@v5
690    @aTV214@v5
701  0 @a叶守泽@9ye shou ze@4主编
801  0 @aCN@b人天书店@c20140102
905    @b549337-39@dP333@e111@f3
    
    水文水利计算/叶守泽主编.-武汉:武汉大学出版社,2013.10
    544页:图;24cm.-(武汉大学百年名典)
    使用对象:水利工作者
    
    ISBN 978-7-307-11831-7(精装):CNY70.00
    本书论述了工程水文和水利计算的基本原理与方法。包括水循环、水文测验、水文统计、设计年径流与设计洪水、水文预报、水文模型、水质评价、水库兴利调节和防洪计算,以及水电站水能计算等内容。
●
相关链接 在E读中查询图书 在五车中查询图书 在当当中查询图书 在豆瓣中查询图书


正题名:水文水利计算     索取号:P333/111         预约/预借

序号 登录号 条形码 馆藏地/架位号 状态 备注
1 549337   205493376   第二样本阅览室/ [索取号:P333/111] 在馆    
2 549338   205493385   第三借阅区/ [索取号:P333/111] 在馆    
3 549339   205493394   第三借阅区/ [索取号:P333/111] 在馆    
唐山师范学院图书馆 欢迎您!
大连网信软件有限公司© 版权所有